000 01295nam a2200373Ia 4500
001 dia_1291
003 CHAP
005 20230126115645.0
008 220117s2014 xx 000 0 und d
010 _a171829
020 _a978-607-17-1934-8
040 _cCHAP
082 _a664.807152 P35 2014
100 _aPaltrinieri, Gaetano
_985035
245 _aTaller de frutas y hortalizas /
_c Gaetano Paltrinieri y Johan D. Berlijn ; colaboración Marco R. Meyer...[et al.]
250 _a3a ed.
260 _aMéxico :
_b Trillas :,
_b SEP,
_c2014
300 _a109 p.
440 _aManuales para educación agropecuaria. Área Industrias rurales
_9140553
504 _aBibliografía: p. 107
590 _aSB354 P35 2014
650 _aEnvasado de alimentos
_9147758
650 _aFood packing
_9148074
650 _aFruits
_xIndustry and marketing
_9150438
650 _aFrutas
_xIndustria y comercio
_9150439
650 _aVegetables
_xIndustry and marketing
_9150440
650 _aVegetales
_xIndustria y comercio
_9150441
700 _aBerlijn, Johan D., coaut.
_9150442
700 _aMeyer, Marco R., colab.
_9140320
901 _a664.807152 P35 2014
902 _aM
905 _a5232272014 mx ae 8222223322SPA16
942 _cLIBRO
_2ddc
999 _c171829
_d171829